Logo BPK

Biblioteka

Politechniki Koszalińskiej

America's hidden wilderness : (Rekord nr 47608)

Szczegóły MARC
000 -ETYKIETA REKORDU
podpole kontrolne o stałej długości 00579nam a2200193 i 4500
001 - NUMER KONTROLNY REKORDU
pole kontrolne bgj
020 ## - MIĘDZYNARODOWY ZNORMALIZOWANY NUMER KSIĄŻKI - ISBN
ISBN 0870446711
040 ## - ŹRÓDŁO KATALOGOWANIA
Instytucja, która utworzyła rekord BPK
041 0# - KOD JĘZYKA
Kod języka tekstu eng
920 ## - Międzynarodowy znormalizowany numer książki – ISBN
ISBN 0-87044-671-1
008 - POLE O STAŁEJ DŁUGOŚCI - DANE KONTROLNE
podpole kontrolne o stałej długości s uk f |000 0 eng
245 00 - TYTUŁ/ODPOWIEDZIALNOŚĆ
Tytuł America's hidden wilderness :
Ciąg dalszy tytułu lands of seclusion /
Pozostałe elementy strefy tytułu i oznaczenia odpowiedzialności National Geographic Society.
260 ## - STREFA ADRESU WYDAWNICZEGO
Miejsce wydania Washington D.C. :
Nazwa wydawcy/dystrybutora National Geographic Society,
Data publikacji, dystrybucji/powstania dokumentu cop. 1988.
300 ## - STREFA OPISU FIZYCZNEGO
Objętość 199 pp :
Inne cechy fizyczne col. photos ;
Rozmiary 26 cm.
504 ## - UWAGA DOTYCZĄCA BIBLIOGRAFII
Informacje o bibliografii Bibliography: p. 196.
505 ## - SFORMALIZOWANA UWAGA DOTYCZĄCA ZAWARTOŚCI
Pełny tekst uwagi Includes index.
650 #9 - HASŁO PRZEDMIOTOWE W FORMIE NAZWY OGÓLNEJ LUB JEDNOSTKOWEJ
Nazwa ogólna lub geograficzna Wildernes areas
-- North America
942 ## - DODATKOWE ELEMENTY (KOHA)
Typ dokumentu Książka
Egzemplarze
Wycofany Status egzemplarza Uszkodzony Dostępność Lokalizacja stała Lokalizacja bieżąca Miejsce przechowywania Sygnatura Kod kreskowy Typ dokumentu
      Dostępny Biblioteka Politechniki Koszalińskiej Biblioteka Politechniki Koszalińskiej Wypożyczalnia Językowa KA 4018 09019263 Książka
© 2023 Biblioteka Politechniki Koszalińskiej :: KOHA